MARC

LEADER 00000naa a2200000 u 4500
001 PL0072741
003 PLI01000000000000000070759
005 00000000000000.0
008 ||| u
100 1 |a Uriagereka, Juan 
245 0 2 |a A brief response  |c Juan Uriagereka 
773 0 8 |t Current issues in comparative grammar  |a ed. by Robert Freidin  |d Dordrecht [etc.], 1996  |g p. 338-345  |k Studies in natural language and linguistic theory  |w MPIPL_cat.PL0067362  |z 0-7923-3778-6  |i In: 
952 |j 1996  |h p. 338-345 
996 |a Aufsatz 
997 |a book chapter